Catálogo de las obras en latín existentes en la biblioteca nacional (Record no. 185018)

MARC details
000 -LEADER
campo de control de longitud fija 00630nam a2200169 i 4500
001 - NÚMERO DE CONTROL
campo de control 185018
003 - IDENTIFICADOR DE NÚMERO DE CONTROL
campo de control ES-MaACL
005 - FECHA Y HORA DE LA ÚLTIMA TRANSACCIÓN
campo de control 20230906222331.0
008 - DATOS DE LONGITUD FIJA--INFORMACIÓN GENERAL
campo de control de longitud fija 160307s1856 ck |||| | spa d
110 2# - ENTRADA PRINCIPAL--NOMBRE DE ENTIDAD CORPORATIVA
Nombre de entidad corporativa o nombre de jurisdicción como elemento de entrada Biblioteca Nacional (Colombia)
9 (RLIN) 142683
245 10 - MENCIÓN DEL TÍTULO
Título Catálogo de las obras en latín existentes en la biblioteca nacional
Resto del título : formado i publicado de órden del poder ejecutivo : cuarta serie.
260 ## - PUBLICACIÓN, DISTRIBUCIÓN, ETC.
Lugar de publicación, distribución, etc. Bogotá :
Nombre del editor, distribuidor, etc. [s.n.],
Fecha de publicación, distribución, etc. 1856 (
Fabricante Imp. del Estado)
300 ## - DESCRIPCIÓN FÍSICA
Extensión 117 p. ;
Dimensiones 26 cm.
610 27 - PUNTO DE ACCESO ADICIONAL DE MATERIA--NOMBRE DE ENTIDAD CORPORATIVA
Nombre de entidad corporativa o nombre de jurisdicción como elemento de entrada Biblioteca Nacional (Colombia)-
Subdivisión de forma Catálogos
Fuente del encabezamiento o término
9 (RLIN) 158980
852 ## - LOCALIZACIÓN
Ubicación ES-MaACL
Número de control de estantería T-329-F-4
Holdings
Estatus retirado Estado de pérdida Estado de daño No para préstamo Colección Biblioteca de origen Biblioteca actual Ubicación en estantería Fecha de adquisición Fuente de adquisición Total de préstamos Signatura topográfica completa Código de barras Visto por última vez Precio de reemplazo Tipo de ítem Koha
        Colección de folletos Biblioteca del Ateneo de Madrid Biblioteca del Ateneo de Madrid Depósito folletos 07/03/2016     T-329-F-4 1194878 23/02/2023 23/02/2023 Folleto